| 000 | 01397nam0a22003251 4500 | ||
|---|---|---|---|
| 001 | RU\NLR\A1SV\76819 | ||
| 005 | 20251203171251.9 | ||
| 035 | _a(NLR Aleph) 009758296 | ||
| 090 |
_a10008334 _c10008334 |
||
| 100 | _a20070212d1922 u y0rusy50 ca | ||
| 101 | 0 | _arus | |
| 102 | _aRU | ||
| 200 | 1 |
_aБогатства Приамурья и Забайкалья _fП.Д.Лежнин |
|
| 210 |
_aЧита _cНасл. А.Х.Новомейского _d1922 |
||
| 215 |
_a[472] с. разд. паг., 4 л. карт. табл. _d27 см |
||
| 300 | _aЗагл. обл.: Дальний Восток: (Богатства Приамурья и Забайкалья) | ||
| 320 | _aКрат. указ. лит. о Сибири и Дал. Востоке (Прил. № 18, с.1-15) | ||
| 327 | 0 |
_a1. Япония: (Крат. очерк) _a2. Горная промышленность Китая _a3. Земледелие в Северной Маньчжурии _a4. Мясной рынок Дальнего Востока |
|
| 512 | 1 | _aДальний Восток: (Богатства Приамурья и Забайкалья) | |
| 620 | _dЧита | ||
| 700 | 1 |
_aЛежнин _bП.Д. |
|
| 801 | 0 |
_aRU _bNLR _c20070212 |
|
| 852 |
_aNLR _j37.69.2.5а89 |
||
| 852 |
_aNLR _jМф К1/24060 |
||
| 852 |
_aNLR _j37.69.2.5 |
||
| 899 | _aРКП | ||
| 942 | _cBOOK | ||
| 980 | _aNB | ||
| 980 | _aA1SV | ||